Elected regional assemblies get new planning power (Record no. 117017)
[ view plain ]
| 000 -LEADER | |
|---|---|
| fixed length control field | 01005cam a2200217 4500 |
| 001 - CONTROL NUMBER | |
| control field | WB4006-13 |
| 008 - FIXED-LENGTH DATA ELEMENTS--GENERAL INFORMATION | |
| fixed length control field | 040212n2004 000 0 eng u |
| 035 ## - SYSTEM CONTROL NUMBER | |
| System control number | (Sirsi) u125122 |
| 245 ## - TITLE STATEMENT | |
| Title | Elected regional assemblies get new planning power |
| 260 ## - PUBLICATION, DISTRIBUTION, ETC. | |
| Date of publication, distribution, etc. | 2004 |
| 490 ## - SERIES STATEMENT | |
| Series statement | ODPM News Release |
| Volume/sequential designation | (2004/0031) 12 February 2004 (2) |
| 520 ## - SUMMARY, ETC. | |
| Summary, etc. | Elected regional assemblies are to be given crucial new planning power, so they can direct local authorities to refuse strategic planning applications that are not in the region's best interests. The elected assemblies will take responsibility for producing a Regional Spatial Strategy, designed to draw together plans for housing, planning, transport and waste in the region. http://www.odpm.gov.uk/pns/DisplayPN.cgi?pn_id=200 4_0031 |
| 590 ## - LOCAL NOTE (RLIN) | |
| Local note | WB |
| 590 ## - LOCAL NOTE (RLIN) | |
| Local note | WB |
| 650 ## - SUBJECT ADDED ENTRY--TOPICAL TERM | |
| Topical term or geographic name entry element | REGIONAL ASSEMBLIES |
| 650 ## - SUBJECT ADDED ENTRY--TOPICAL TERM | |
| Topical term or geographic name entry element | STRATEGIC PLANNING |
| 650 ## - SUBJECT ADDED ENTRY--TOPICAL TERM | |
| Topical term or geographic name entry element | PLANNING APPLICATIONS |
| 650 ## - SUBJECT ADDED ENTRY--TOPICAL TERM | |
| Topical term or geographic name entry element | REGIONAL SPATIAL STRATEGIES |
| 690 ## - LOCAL SUBJECT ADDED ENTRY--TOPICAL TERM (OCLC, RLIN) | |
| Topical term or geographic name as entry element | PLANNING |
| 942 ## - ADDED ENTRY ELEMENTS (KOHA) | |
| Suppress in OPAC | 0 |
| Withdrawn status | Lost status | Source of classification or shelving scheme | Damaged status | Not for loan | Home library | Current library | Shelving location | Date acquired | Total Checkouts | Full call number | Barcode | Date last seen | Copy number | Price effective from | Koha item type |
|---|---|---|---|---|---|---|---|---|---|---|---|---|---|---|---|
| Dewey Decimal Classification | London | London | News article | 12/02/2004 | WB4006-13 | 125122-1001 | 06/08/2019 | 1 | 06/08/2019 | News article |